000 00352nam a22001457a 4500
008 250129b ||||| |||| 00| 0 eng d
020 _a9781963844610
041 _aeng
080 _22024
_aCAM30
082 _2CAM30
100 _a28
101 _aHISTORY
245 _aDREAMING FROM THE TRUNK OS AN AMERICAN CAR
_cCAMAJ .R.PASHKO
942 _2udc
_cBK
999 _c60636
_d60636